| Registos Bibliográficos associados ao registo de autoridade |
|
Etiqueta de registo: 00254nam 2200025 450 001 2282007 003 http://id.bnportugal.gov.pt/bib/catbnp/2282007 100 ## $a20260320d2025 k y0pory01030103ba 101 0# $aeng$dpor 102 ## $aPT 105 ## $aa m 000yy 106 ## $ar 200 1# $aSensuous project$e a synesthetic design approach to enhance health and well-being through pain management$fDavide Antonio Gambera$gorient. Maria Emília Capucho Duarte, Dina Riccò 210 #9 $aMoscavide$c[s.n.],$d2025 215 ## $a[8], 307 p.$cil.$d30 cm 328 #1 $aTese dout. Design, IADE - Faculdade de Design, Tecnologia e Comunicação,, Universidade
Europeia, 2025 675 ## $a7.05(043)$vBN$zpor$3818439 675 ## $a612.82(043)$vBN$zpor$3337469 675 ## $a615.85(043)$vBN$zpor$3472520 700 #1 $aGambera,$bDavide Antonio$31992686 702 #1 $aDuarte,$bMaria Emília Capucho$4727$31226316 702 #1 $aRiccò,$bDina$4727$31992689 801 #0 $aPT$bBN$gRPC 966 ## $lBN$mFGMON$sB.A. 53523 V.$x1 971 ## $cabrito$d20260320 973 ## $ctrodrigues$d20260325 975 ## $e0$d20260421$viquintas
|
|
|